000 01140nam a22002657a 4500
005 20141204082344.0
008 121215s2011 ck ao gr 00010 spa d
020 _a9789587198669
040 _aCO-BoIH
_cCO-BoIH
041 0 _aspa
082 0 4 _a580.986118
_bP51
245 0 0 _aPlantas útiles del complejo cenagoso de Zapatosa /
_cAna Cristina Estupiñán-González ... [et al.] ; J. Orlando Rangel Ch.
260 _aBogotá :
_bUniversidad Nacional de Colombia. Facultad de Ciencias. Instituto de Ciencias Naturales,
_c2011.
300 _a69 p. :
_bil. ;
_c24 cm.
490 0 _aColombia diversidad biótica publicación especial. Guía de campo
500 _aGlosario : p. 62-64.
504 _aIncluye bibliografía e índice.
650 4 _aDiversidad biológica
_z Ciénaga de Zapatosa (Cesar)
_929679
650 4 _aPlantas
_x Clasificación
_z Ciénaga de Zapatosa (Cesar)
_929680
650 4 _aPlantas
_x Fichas técnicas
_z Ciénaga de Zapatosa (Cesar)
_929681
700 1 _aRangel Ch., J. Orlando,
_eed.
_929682
700 1 _aEstupiñán-González, Ana Cristina.
_91389
942 _2ddc
_cLIBRO
949 _a
999 _c7526
_d7526